| 000 | 00875nam a2200181 a 4500 | ||
|---|---|---|---|
| 008 | 100127s1992 ||||||||||||||||| || u | ||
| 020 | _a9290810947 | ||
| 050 | _aCTA(02) | ||
| 110 | _aTechnical Centre for Agricultural and Rural Cooperation (CTA) | ||
| 245 | 1 | 0 |
_aConclusions and recommendations of the seminar on: the promotion of fruit and vegetable production in the ACP countries for export to the EEC countries, 2-6 december 1991, Ede, The Netherlands. _cTechnical Centre for Agricultural and Rural Cooperation(CTA) |
| 260 |
_aEde, Netherlands: _bCTA _c1992 |
||
| 300 | _aiii, 5p.: ill. | ||
| 350 | _a0.00 | ||
| 650 | _aVEGETABLES--MARKETING | ||
| 650 | _aAGRICULTURE | ||
| 650 | _aFRUIT--MARKETING | ||
| 995 |
_D0.00 _FCBU-MAIN LIBRARY (Kitwe) _H1 _I0.00 _M1 _UAVAILABLE _WJan 27, 2010 _ZInternational Publications |
||
| 999 |
_c38369 _d38369 |
||